№ 1-24; Золото и Платина

Bibliografische gegevens
Parent link:Золото и Платина: научно-технический журнал. № 1-24.— , 1906-1916
Taal:Russisch
Gepubliceerd in: 1915
Formaat: Boek
KOHA link:https://koha.lib.tpu.ru/cgi-bin/koha/opac-detail.pl?biblionumber=530680

MARC

LEADER 00000nam2a2200000 4500
001 530680
005 20231101112524.0
035 |a (RuTPU)RU\TPU\prd\216746 
035 |a RU\TPU\prd\216745 
090 |a 530680 
100 |a 20140407b1915 k y0rusy50 ca 
101 0 |a rus 
102 |a RU 
200 0 |a № 1-24 
210 |d 1915 
461 1 |0 (RuTPU)RU\TPU\prd\969  |t Золото и Платина  |o научно-технический журнал  |v № 1-24  |d 1906-1916 
801 0 |a RU  |b 63413507  |c 20010227  |g PSBO 
801 1 |a RU  |b 63413507  |c 20020301  |g PSBO 
801 2 |a RU  |b 63413507  |c 20140407  |g PSBO 
942 |c BK 
999 |a НТБ_ТПУ  |b РФ  |e -4/20140109  |p П-801  |u 0,00  |v 1